• 首页
  • 本馆介绍
  • 公告通知
  • 最新文献
  • 馆藏检索
  • 电子资源
  • 读者导购
  • 参考咨询
  • 我的图书馆
  • 登录
  • 详细信息显示
  • 放入我的书架
  • 预约/预借图书
  • 作者相关作品
  • 分类相关作品
  • 丛书相关作品
  • 出版社相关作品

书目信息

  • 表格格式
  • 工作单格式
  • 卡片格式
题名:
加拿大公民教育史研究
    
 
作者: 范微微 著
分册:  
出版信息: 长春   东北师范大学出版社  2022.08
页数: 226页
开本: 24cm
丛书名: 世界公民教育史研究丛书
单 册:
中图分类: D771.14
科图分类:
主题词: 公民教育--gong min jiao yu--教育史--研究--加拿大
电子资源:
ISBN: 978-7-5681-8472-4
000 01313nam 2200301 450
001 CAL 012022010270
005 20230217093113.0
010    @a978-7-5681-8472-4@dCNY75.00
100    @a20220906d2022 em y0chiy0120 ea
101 0  @achi
102    @aCN@b220000
105    @ay a 000yy
106    @ar
200 1  @a加拿大公民教育史研究@Ajia na da gong min jiao yu shi yan jiu@f范微微著
210    @a长春@c东北师范大学出版社@d2022.08
215    @a226页@d24cm
225 2  @a世界公民教育史研究丛书@Ashi jie gong min jiao yu shi yan jiu cong shu
312    @a英文题名取自封面
314    @a范微微, 教育学博士, 硕士生导师。
320    @a有书目 (第214-226页)
330    @a本书共分为导论、公民教育与多元文化主义关系的分析视角、蒙昧: 多元文化社会早期的公民教育 (1867年—20世纪60年代)、变革: 多元文化社会确立时期的公民教育 (20世纪70年代)、混沌: 多元文化社会发展时期的公民教育 (20世纪80年代―90年代中期)、重塑: 多元文化社会成熟时期的公民教育 (20世纪90年代中期以来)、多元文化社会中公民教育的选择七大部分。
410  0 @12001 @a世界公民教育史研究丛书
510 1  @aHistory of citizenship education in Canada@zeng
606 0  @a公民教育@Agong min jiao yu@x教育史@x研究@y加拿大
690    @aD771.14@v5
701  0 @a范微微@Afan wei wei@4著
801  0 @aCN@bBJXHZP@c20230228
905    @b1397165-8@dD771.14@e479@f4
    
    加拿大公民教育史研究/范微微著.-长春:东北师范大学出版社,2022.08
    226页;24cm.-(世界公民教育史研究丛书)
    
    
    ISBN 978-7-5681-8472-4:CNY75.00
    本书共分为导论、公民教育与多元文化主义关系的分析视角、蒙昧: 多元文化社会早期的公民教育 (1867年—20世纪60年代)、变革: 多元文化社会确立时期的公民教育 (20世纪70年代)、混沌: 多元文化社会发展时期的公民教育 (20世纪80年代―90年代中期)、重塑: 多元文化社会成熟时期的公民教育 (20世纪90年代中期以来)、多元文化社会中公民教育的选择七大部分。
●
相关链接 在E读中查询图书 在五车中查询图书 在当当中查询图书 在豆瓣中查询图书


正题名:加拿大公民教育史研究     索取号:D771.14/479         预约/预借

序号 登录号 条形码 馆藏地/架位号 状态 备注
1 1397165   213971656   第一样本阅览室/ [索取号:D771.14/479] 在馆    
2 1397166   213971665   第一借阅区/ [索取号:D771.14/479] 在馆    
3 1397167   213971674   第一借阅区/ [索取号:D771.14/479] 在馆    
4 1397168   213971683   第一借阅区/ [索取号:D771.14/479] 在馆    
唐山师范学院图书馆 欢迎您!
大连网信软件有限公司© 版权所有